000 nam a22 a 4500
999 _c153099
_d153099
003 BLK
005 20221111103257.0
008 180410b bul|||||r ||||||| ||bul||
010 _aKNG00159618000
040 _aBLK
041 _aBUL
_cBUL
080 _aЛитовска литература
_b821.172
_x-31
_z821.172-31
100 1 _aБубнис, Витаутас
_eпърви автор
_9331964
139 _aБубнис, Витаутас
_bБ 84
245 1 0 _aКак цъфти незасятата ръж
_bРоман
_cВитаутас Бубнис; прев. от литов. Иван Троянски.
257 _aLIT
260 _bНар. култура
_c1978
_aСофия
300 _a308 с.
_c21 см
380 _aX
490 _aБиблиотека Избрани романи
_v№ 1
_9201228
500 _aАвт. не е отбелязан на кор. - Ориг. загл. Nesetu, rugtu, zydejimas. - 35 125 тир.
700 1 _aТроянски, Иван
_eпрев. от литов.
_9380278
852 _aЦб 91053
_bЦб
856 4 _qpdf
_i0.00
_ldisable
856 4 _qpdf
_i0.00
_ldisable
942 _cKNG
_n0
_s1
944 _aCR
_c10.04.2014
_l10.04.2014 - от С1,Р / 10.04.2014
_kСамет_Онур
944 _aED
_c10.04.2014
_l10.04.2014 - от С1,Р / 10.04.2014
944 _aED
_c2022-11-11
_l2022-11-11
999 _d153099